000 00331nam a2200157Ia 4500
003 0STCL
008 150530s9999 xx 000 0 und d
040 _aSTCL
_cSTCL
100 _aBelloc, H
245 4 _aThe battle ground
260 _c1936
546 _aEnglish
942 _2ddc
_cBK
999 _c4687
_d4687
005 20220125165359.0